00415nam a22001577a 4500003000500000005001700005008004100022020001800063040000600081082001900087100001800106245006100124260003400185300001200219650002600231CEME20210628204117.0210308b xxu||||| |||| 00| 0 eng d a0-13-353715-3 c. a620.1054 HIB'E aHibbeler, R.C aEngineering mechanics , dynamics alongwith tutorial disk aNEWJERSYbPRENTICE HALLc1995 aXV,624P aENGINEERING MECHANICS